000 01129 a2200253 4500
003 UA-OsUOA
005 20220704103520.0
008 220704b un ||||| |||| 00| 0 ukr d
022 _225206397
040 _aUA-OsUOA
_bukr
_cUA-OsUOA
_dUA-OsUOA
041 _aukr
080 _a81'1(082)
090 _a81'1(082)
_bМ74
110 _aМіністерство освіти і науки України
245 _aМовні і концептуальні картини світу
_bзбірник наукових праць
_cвідп. ред. І. Л. Покровська
_nВип. 2(69)
260 _aК.
_bКиївський університет
_c2021
300 _a160 с.
650 _2UDC
_a81 Лінгвістика. Мовознавство. Мови
700 1 _aПокровська І. Л.
_eвідп. ред.
710 1 _aКиївський національний університет імені Тараса Шевченка
942 _cBK
_2udc
955 _a1
999 _c572674
_d572674